| 000 | 03606nam a2200445 a 4500 | ||
|---|---|---|---|
| 003 | CHAP | ||
| 005 | 20240919143420.0 | ||
| 007 | cr ||||||a|c|a | ||
| 008 | 101104s2010 mx r 00010 spa d | ||
| 035 | _a111322 | ||
| 040 | _cCHAP | ||
| 090 | _aTesis | ||
| 100 | 1 |
_aPeralta González, Miguel Eduardo. _987023 |
|
| 245 | 1 | 0 |
_aImportancia económica y características mecánicas del agave tequilero Tequilana weber variedad azul _c/por Miguel Eduardo Peralta González ; director de tesis Carlos Alberto Villaseñor Perea. |
| 264 |
_aChapingo, Méx. : _bEl autor, _c2010. |
||
| 300 |
_a1 recurso en línea (92 páginas): _bfiguras, cuadros. |
||
| 336 |
_2rdacontent _atexto _btxt |
||
| 337 |
_2rdamedia _acomputadora _bc |
||
| 338 |
_2rdacarrier _arecursos en línea _bcr |
||
| 502 |
_bIMAg _cMecánica _d2021. _gLIC |
||
| 520 | _aEl agave tequilero Tequilana weber, variedad azul, es una planta que pertenece a la familia de las agaváceas, es de hojas largas, fibrosas de forma lanceolada, de color verde azulada, cuya parte aprovechable para la elaboración del tequila es la piña o cabeza. El tequila es una bebida tipicamente mexicana, de gran tradición dentro de las costumbres de nuestro país amparada con la denominación de origen y con amplias perspectivas de consumo en el mercado internacional. Se requiere por lo menos dos destilaciones del mosto fermentado que se obtiene del corazón de la planta, además de ser filtrado meticulosamente para eliminar impurezas y suavizar su sabor. Las propiedades fisico-mecánicas del agave tequilero, tiene importantes aplicaciones, sobre todo porque a partir del conocimiento de ellas se puede mejorar y diseñar las labores de cultivo para lograr las especificaciones requeridas para su procesamiento, así como el diseño de equipos y sistemas en los procesos de cocimiento, hidrolización y molienda, logrando un impacto positivo en ahorro de costos de producción. Para la realización de este trabajo, se empleó como materia experimental agave azul, Tequilana weber, de las regiones de Tequila y Arandas, Jalisco. El tratamiento que se evaluó fue: compresión mecánica a muestras de 10 cm para la parte de la penca con 20 repeticiones y para el corazón 10 repeticiones. La variable evaluada fue: porciento de Azúcares Reductores Totales (%ART). Se encontró que la media de %ART del agave tequilero de la región de Arandas, Jalisco es de 24.38 %ART y de la región de Tequila, Jalisco es de 25.04 %ART. El tratamiento bajo compresión mecánica, para el corte del agave tequilero se necesita de una fuerza de 1.28 kN en la penca y en el corazón de 4.61 kN para el agave de la región de Tequila, Jalisco y una fuerza de 1.61 kN en la penca y en el corazón de 1.48 kN para el agave de la región de Arandas, Jalisco. | ||
| 590 |
_aALEPH _b10 _c20130110 |
||
| 590 |
_aBATCH-UPD _b10 _c20130110 |
||
| 590 |
_aBATCH-UPD _b10 _c20130410 |
||
| 590 |
_aBATCH-UPD _b10 _c20130913 |
||
| 590 |
_aBATCH-UPD _b10 _c20140324 |
||
| 590 |
_aBATCH-UPD _b10 _c20141002 |
||
| 590 |
_aCONVERSION _b10 _c20130109 |
||
| 650 | 0 | 4 |
_aAgave tequilana. _91107 |
| 650 | 0 | 4 |
_aAgave _xAspectos económicos. _91070 |
| 650 | 0 | 4 |
_aAgave _xProcesado. _91087 |
| 700 | 1 |
_aVillaseñor Perea, Carlos Alberto _9119699 _eDirector de tesis. |
|
| 856 |
_uhttp://10.13.5.2/tesis/111322.pdf _zDESCARGAR PDF |
||
| 901 | _aBK | ||
| 942 |
_cTD _2Clasificación Universidad Autónoma Chapingo |
||
| 949 |
_bBC _cTES _d33724002219751 _eTS2 _fc.2 _gDonaciØn _h51364 _i111322 _sb |
||
| 949 |
_bBC _cTES _d33724002219793 _eTS1 _h51363 _i111322 _sb |
||
| 999 |
_c99664 _d99664 |
||